Medeni hukuk sorunları (Record no. 2965)
[ view plain ]
| 000 -BAŞLIK | |
|---|---|
| Sabit Uzunlukta Kontrol Alanı | 00790na a2200265 4500 |
| 001 - KONTROL NUMARASI | |
| Denetim Alanı | 16869 |
| 003 - KONTROL NUMARASI IDENTIFIER | |
| Denetim Alanı | MIRAKIL |
| 005 - SON İŞLEM TARİHİ VE ZAMANI | |
| Denetim Alanı | 20181213154915.0 |
| 008 - SABİT-BOY VERİ ELEMANLARI - GENEL BİLGİLER | |
| Sabit Uzunlukta Kontrol Alanı | 161016b tu 000 0 |
| 035 ## - SİSTEM KONTROL NUMARASI | |
| Sistem Kontrol Numarası | 16869 |
| 040 ## - KATALOGLAMA KAYNAK | |
| Orijinal Kataloglama Ajansı | Milas |
| Kataloglama Dili | tur |
| Metne Dönüştürmek Ajansı | TR-AnCHP |
| 041 ## - DİL KODU | |
| Metin / Ses Parça Veya Ayrı Başlığın Dil Kodu | tur |
| 082 ## - DEWEY ONLU SINIFLANDIRMA NUMARASI | |
| Sınıflandırma Numarası | 346.015 |
| Ürün Numarası | S85m 1980 |
| 090 ## - SINIFLAMA NUMARASI | |
| Sınıflama Numarası | 346.015 S85m 1980 |
| 100 ## - ANA GİRİŞ - KİŞİSEL İSİM | |
| Kişisel Ad | Sungurbey, İsmet |
| 245 ## - BAŞLIK TABLOSU | |
| Başlık | Medeni hukuk sorunları |
| Sorumluluk Tablosu, Vb | İsmet Sungurbey |
| 260 ## - YAYIN, DAĞITIM, VB | |
| Yayın, Dağıtım, Vb Yeri | İstanbul |
| Yayıncı, Dağıtıcı, Vs Adı | [yayl.y.] |
| Yayın, Dağıtım, Vb Tarihi | 1980 |
| Üretici Firma | Fakülteler Matbaası |
| 300 ## - FİZİKSEL TANIM | |
| Kapsam | xvi, 640 s. |
| Boyutlar | 24 sm. |
| 440 ## - SERİSİ TABLOSU / KATMA GİRİŞİ - BAŞLIK | |
| Başlık | İstanbul Üniversitesi yayınları |
| Hacim / Ardışık Tanımı | 2688 |
| 490 ## - SERİSİ TABLOSU | |
| Seri Beyanı | Hukuk Fakültesi |
| Hacim / Ardışık Tanımı | 604 |
| 500 ## - GENEL NOT | |
| Genel Not | Kütüphanemizde 4. cilt bulunmaktadır. |
| 650 ## - KONU KATMA GİRİŞ - TOPİKAL DÖNEM | |
| Topikal Süreli Veya Coğrafi Ad Giriş Elemanı | Medeni haklar |
| Genel Alt Bölümü | Hukuk ve mevzuat |
| Coğrafi Alt Bölümü | Türkiye |
| 650 ## - KONU KATMA GİRİŞ - TOPİKAL DÖNEM | |
| Topikal Süreli Veya Coğrafi Ad Giriş Elemanı | Medeni hukuk |
| Genel Alt Bölümü | Sorunlar |
| 942 ## - EKLENDİ GİRİŞ ELEMANLARI (KOHA) | |
| Sınıflandırma Veya Raf Düzeni Kaynak | Dewey Decimal Classification |
| Koha Öğesi Türü | Books |
| 999 ## - SİSTEM KONTROL NUMARALARI (KOHA) | |
| Koha Biblionumber | 2965 |
| Koha Biblioitemnumber | 2965 |
| Kalıcı Konum | Mevcut Konum | Edinme Tarihi | Edinim Kaynak | Toplam Check-Out'Lar | Tam Çağrı Numarası | Barkod | Tarih Son Görülme | İtibaren Geçerli Fiyatlar | Koha Öğesi Türü |
|---|---|---|---|---|---|---|---|---|---|
| CHP Kütüphanesi | CHP Kütüphanesi | 10/16/2016 | Bağış | 346.015 S85m 1980 | 005365 | 10/16/2016 | 10/16/2016 | Books |
